Convergence of mobile and stationary next-generation networks (Registro nro. 21760)

Detalles MARC
000 -Cabecera
Campo de control interno 00733nam a2200217Ia 4500
005 - Fecha y hora del registro
control field 20260407134608.0
008 - Elementos de Longitud Fija
fixed length control field 260320s9999||||xx |||||||||||||| ||und||
020 ## - ISBN
ISBN 9780470543566
041 ## - Idioma
Codigo Idioma Inglés
082 ## - DEWEY y NOTACIÓN INTERNA
Dewey 004.68
Notación Interna I54
100 ## - AUTOR
Autor denominación Iniewski, Krzysztof,
Término de relación editor
245 #0 - TÍTULO DE MATERIAL BIBLIOGRÁFICO
Título Convergence of mobile and stationary next-generation networks
260 ## - CIUDAD, EDITORIAL, AÑO
Ciudad Hoboken :
Nombre de la Editorial John Wiley & Sons,
Año 2010
300 ## - DESCRIPCIÓN
N° Páginas xiii, 790 páginas :
Otros detalles figuras, tablas ;
Dimensiones 24 cm.
650 ## - TEMAS
Temas Generalidades
653 ## - DESCRIPTORES
Lenguajes no controlado Ciencia de la computación; Redes locales
654 ## - PROGRAMAS
Programa Dpto. de Ingeniería Electrónica y Telecomunicaciones
856 ## - URL - UBICACIÓN
URI/URL: Enlace exacto del recurso <a href="https://login.ucsp.lookproxy.com/login?url=https://ieeexplore.ieee.org/">https://login.ucsp.lookproxy.com/login?url=https://ieeexplore.ieee.org/</a>
Nota pública: Versión digital <a href="Véase además: Base de datos IEEE Xplore">Véase además: Base de datos IEEE Xplore</a>
942 ## - ELEMENTOS DE KOHA
Tipo de documento Libro
Nombre del creador Justo Noguera
Código de catalogador Tania Ramirez
Esquema de clasificación Dewey Decimal Classification
Existencias
Codigo completo Registro Colección Copia número Disponibilidad Tipo de préstamo Biblioteca Actual Procedencia (Biblioteca) Ubicacón Fecha Ingreso Tipo de Adquisición Date last seen Total checkouts Price effective from Tipo de Item Estado del Material Fuente de Clasificación Damaged status Withdrawn status
004.68 I54 1085314 Universidad Católica San Pablo 1 Disponible Disponible Víctor Andrés Belaunde Víctor Andrés Belaunde Segundo piso 07/04/2026 Compra 07/04/2026   07/04/2026 Libro Bueno Dewey Decimal Classification